Femtodynamics : a guide to laser settings and procedure techniques to optimize outcomes with femtosecond lasers (Record no. 182694)

MARC details
000 -LEADER
fixed length control field 00910nam a2200265Ia 4500
008 - FIXED-LENGTH DATA ELEMENTS--GENERAL INFORMATION
fixed length control field 191130s2009##################000#0#eng##
020 ## - INTERNATIONAL STANDARD BOOK NUMBER
ISBN 9781556428623
082 ## - DEWEY DECIMAL CLASSIFICATION NUMBER
Classification number 617.7190598 FAK
100 ## - MAIN ENTRY--AUTHOR NAME
Personal name Faktorovich, Ella G
245 ## - TITLE STATEMENT
Title Femtodynamics : a guide to laser settings and procedure techniques to optimize outcomes with femtosecond lasers
Statement of responsibility, etc Ella G. Faktorovich
260 ## - PUBLICATION, DISTRIBUTION, ETC. (IMPRINT)
Place of publication Thorofare, NJ
Name of publisher SLACK
Year of publication c2009
300 ## - PHYSICAL DESCRIPTION
Number of Pages xx, 239 p. : col. ill. ; 27 cm
500 ## - GENERAL NOTE
General note Includes bibliographical references and index
650 ## - SUBJECT ADDED ENTRY--TOPICAL TERM
Topical Term Eye - Laser surgery
Topical Term Femtosecond lasers
Topical Term Keratomileusis, Laser In Situ - instrumentation
Topical Term Keratomileusis, Laser In Situ - methods
Topical Term Lasers
Topical Term Lasers in ophthalmology
991 ## -
-- 75802
Holdings
Withdrawn status Lost status Damaged status Not for loan Home library Current library Shelving location Date acquired Full call number Accession Number Price effective from Koha item type
        Anna Centenary Library Anna Centenary Library 5TH FLOOR, B WING 13.10.2020 617.7190598 FAK 298370 13.10.2020 English Books

Find us on the map